| 000 | 00537nam a22002057a 4500 | ||
|---|---|---|---|
| 003 | UA-OsUOA | ||
| 001 | 43198 | ||
| 007 | ta | ||
| 008 | 20090527b un ||||| |||| 00| 0 ukr d | ||
| 090 |
_a82(477) _bШ32 |
||
| 942 | _cBR | ||
| 040 |
_aUA-OsUOA _bukr _cUA-OsUOA _dUA-OsUOA |
||
| 245 |
_aШашкевичіяна _bЛистопад, 1984. Ч.10(38-39) |
||
| 955 | _a4 | ||
| 041 | _aukr | ||
| 080 | _a82(477) | ||
| 260 | _aВінніпег | ||
| 650 | 7 |
_a82 Література. Літературознавство _2UDC |
|
| 999 |
_c441673 _d441673 |
||